Central Library OPAC University of Rajshahi

আলাওলের কাব্যে হিন্দু মুসলিম সংস্কৃতি / (Record no. 65488)

MARC details
000 -LEADER
fixed length control field 00958nam a2200229 a 4500
001 - CONTROL NUMBER
control field 65488
003 - CONTROL NUMBER IDENTIFIER
rucl marc code BD-RjUL
005 - DATE AND TIME OF LATEST TRANSACTION
control field 20211209081430.0
008 - FIXED-LENGTH DATA ELEMENTS--GENERAL INFORMATION
fixed length control field 170307s1991 |||| |||| 001 0 d
035 ## - SYSTEM CONTROL NUMBER
System control number (BD-RjUL)65618
040 ## - CATALOGING SOURCE
Original cataloging agency BD-RjUL
Language of cataloging eng
Transcribing agency BD-RjUL
041 ## - LANGUAGE CODE
Language code of text/sound track or separate title eng
082 ## - DEWEY DECIMAL CLASSIFICATION NUMBER
Edition number 23
Classification number 891.4409
Author mark and year BAA 1991
100 ## - MAIN ENTRY--PERSONAL NAME
Personal name বালা, অমৃতলাল.
9 (RLIN) 173176
245 ## - TITLE STATEMENT
Title আলাওলের কাব্যে হিন্দু মুসলিম সংস্কৃতি /
Statement of responsibility, etc. অমৃতলাল বালা, .
260 ## - PUBLICATION, DISTRIBUTION, ETC. (IMPRINT)
Place of publication, distribution, etc. ঢাকা :
Name of publisher, distributor, etc. বাংলা একাডেমী,
Date of publication, distribution, etc. ১৯৯১ [১৩৯৭]
300 ## - PHYSICAL DESCRIPTION
Pagination দশ, ৪৩৫ পৃ. ;
Size ২২ সে. মি.
500 ## - GENERAL NOTE
General note নির্ঘন্ট সংবলিত.
650 ## - SUBJECT ADDED ENTRY--TOPICAL TERM
Topical term or geographic name as entry element Bengali literature
Form subdivision History and criticism
9 (RLIN) 170333
Topical term or geographic name as entry element বাংলা সাহিত্য
Form subdivision ইতিহাস ও সমালোচনা
9 (RLIN) 170332
942 ## - ADDED ENTRY ELEMENTS (KOHA)
Source of classification or shelving scheme Dewey Decimal Classification
Koha item type Books
Holdings
Lost status Source of classification or shelving scheme Damaged status Not for loan Collection code Permanent Location Current Location Shelving location Date acquired Source of acquisition Cost, normal purchase price Total Checkouts Full call number Date last seen Copy number Koha item type
  Dewey Decimal Classification   Not For Loan Non-fiction Central Library, University of Rajshahi Central Library, University of Rajshahi Reading Room 24/09/1992 Dhaka, Bangla Academy. 0.00   B 891.4409 BAA 1991 07/03/2017 C-1 Books